LEADER 01145nam0-22003611i-450- 001 990003154410403321 005 20071205131014.0 035 $a000315441 035 $aFED01000315441 035 $a(Aleph)000315441FED01 035 $a000315441 100 $a20030910d1967----km-y0itay50------ba 101 0 $aeng 102 $aIT 200 1 $a<>Petty Papers$esome unpublished writings of Sir William Petty$fedited from the Bowood Papers by Marquis of Lansdowne 210 $aNew York$cAugustus M. Kelley$d1967 (reprinted) 215 $a2 v. (XLII, 276 p.) (XII, 309 p.)$d21 cm 225 1 $aReprints of economic classics 300 $a[orig. pub., London : Constable & Company, 1922] 610 0 $aEconomia$aStudi 676 $a082 702 1$aLansdowne,$bHenry William Edmund Petty-FitzMaurice$f<1872-1936> 702 1$aPetty,$bWilliam$f<1623-1687> 801 0$aIT$bUNINA$gRICA$2UNIMARC 901 $aBK 912 $a990003154410403321 952 $aD/3.21 PET$b6176$fSES 952 $aB / PET 1,1$fBFS 952 $aB / PET 1,2$fBFS 959 $aSES 959 $aBFS 996 $aPetty Papers$9458474 997 $aUNINA LEADER 01002cam0-2200325---450- 001 990005077780403321 005 20090513170605.0 035 $a000507778 035 $aFED01000507778 035 $a(Aleph)000507778FED01 035 $a000507778 100 $a19990604d1964----km-y0itay50------ba 101 0 $afre 102 $aFR 105 $aa-------001yy 200 1 $aExercices systématiques de prononciation française$fMonique Léon 210 $aParis$cLibrairie Hachette et Larousse$dc1964 215 $a2 v.$cill.$d21 cm 225 1 $a<>français dans le monde 327 1 $a1.: Articulation$a2.: Rythme et intonation 610 0 $aLingua francese$aPronuncia$aEsercizi 676 $a441.52 700 1$aLéon,$bMonique$0394261 801 0$aIT$bUNINA$gRICA$2UNIMARC 901 $aBK 912 $a990005077780403321 952 $a441.52 LEO 2(1-2)$bIst.f.m.23770$fFLFBC 959 $aFLFBC 996 $aExercices systématiques de prononciation française$9248714 997 $aUNINA LEADER 02538nam2-2200433---450 001 990005617250203316 005 20190403124933.0 035 $a000561725 035 $aUSA01000561725 035 $a(ALEPH)000561725USA01 035 $a000561725 100 $a20060327d1997----|||y0itaa50------ba 101 $adan 102 $adk 105 $a0 00||| 200 1 $a<<1: >> Af en endnu levendes Papirer$aOm begrebet Ironi$fSoren Kierkegaard$gudgivet af Kierkegaard Forskingscentret 210 $aKobenhavn$cGads Forlag$dcopyr. 1997 215 $a357 p.$d26 cm. 421 $1001000569136$1010$a87-120-3179-8$1101$adan$1102$adk$12001$a<> Kommentarbind til Af en endnu levendes Papirer$fUdgivet af Soren Kierkegaard Forskningscentret$g[Tekstredegorelse Johnny Kondrup$gKommentarer Finn Hauberg Mortensen]. Om begrebet Ironi$f[Tekstredegorelse Soren Bruun og Johnny Kondrup$gKommentarer Jorgen Dehs, Tonny Aagaard Olesen og Sophia Scopetéa]$1210$aKobenhavn$cGads Forlag$dcopyr. 1997$1215$a387 p.$d26 cm. 423 $1001SA0017293$1101$adan$12001$aOm begrebet Ironi$fSoren Kierkegaard.$1700 1$aKierkegaard$b, Soren Aabye$3SAV003802 451 $1001000561730$1101$afre$1102$afr$12001$a<> concept d'ironie constamment rapporté a Socrate$aConfession publique$aJohannes Climacus, ou De omnibus dubitandum est$e1841-1843$fSoren Kierkegaard$1210$aXXII, 367 p.$a22 cm. 451 $1001000561724$1010$a27-031-1024-3$1101$afre$1102$afr$12001$a<> Quatre articles$aNotre Littérature de presse$aDes papiers d'un homme encore en vie$aLa lutte entre l'ancienne et la nouvelle cave a savon$aPrédication de Séminaire$e1834-1841$fSoren Kierkegaard$gprécédés de La vie et l'oeuvre de Soren Kierkegaard par F. J. Billeskov Jansen$g[et de] Paul-Henri Tisseau, traducteur de Kierkegaard par E. M. Jacquet-Tisseau$1210$aParis$cEditions de l'Orante$d1984$1215$aLXIII, 178 p.$d22 cm. 461 0$1001000559294$12001$aSoren Kierkegaards Skrifter$v01 620 $dKOBENHAVN 676 $a198.9 700 1$aKIERKEGAARD,$bSøren$0437056 801 0$aIT$bSA$c20111219 912 $a990005617250203316 950 0$aDipar.to di Filosofia - Salerno$dDFAA 198.9 KIE$e7841 FIL 951 $aAA 198.9 KIE$b7841 FIL 959 $aBK 969 $aFIL 979 $c20121027$lUSA01$h1525 979 $aBATCH-UPD$b00$c20121027$lUSA01$h1542 979 $c20121027$lUSA01$h1614 996 $aOm begrebet Ironi$91133581 996 $aAf en endnu levendes Papirer$91133580 997 $aUNISA NUM $aSA0017292